On This Day: December 28th Quiz Stats

 Plays Quiz Updated Dec 28, 2017

Challenge
Share
Tweet
Embed
Score 0/7 Timer 03:00
0 Plays Today
Question Answer Wrong Answers
President Richard Nixon signs the ______ Species Act, one of many US environmental laws passed in the 1970s.
1973
Endangered
93.7%
Threatened
2.1%
At Risk
1.1%
Imperiled
1.1%
The first municipally owned ______ take to the streets in San Francisco.
1912
Streetcars
82%
Buses
6.6%
Taxi Cabs
8.8%
Horse Carriages
1.4%
Wilhelm Röntgen publishes a paper detailing his discovery of a new type of radiation, which will become known as ______.
1895
X-Rays
81.9%
Ultrasound
2.1%
Microwaves
7.4%
Ultraviolet Radiation
7.9%
This American actor, who won the Best Actor Oscar for his role as a corrupt cop in the crime thriller ‘Training Day,’ is born.
1954
Denzel Washington
79%
Robert De Niro
9.1%
Al Pacino
8%
Will Smith
2.3%
Somalia's Transitional Federal Government and Ethiopian troops capture this capital of Somalia unopposed, an early victory in the Somali Civil War.
2006
Mogadishu
76.3%
Nairobi
6%
Addis Ababa
9.5%
Khartoum
6%
Spain recognizes the independence of this country with the signing of the Santa María–Calatrava Treaty.
1836
Mexico
63.5%
Cuba
14.9%
Philippines
9.8%
Colombia
11.7%
In what was coined the ‘Greatest Game Ever Played’, the Baltimore ______ defeated the New York Giants in the first ever NFL sudden death overtime game, winning the league championship.
1958
Colts
62.3%
Ravens
27.7%
Packers
3.7%
Chiefs
4.5%

Today's Daily Dose

Missing Word
Britpop Albums

Word Ladder
Sing It!

On This Day
December 14th II

You're not logged in!

Compare scores with friends on all Sporcle quizzes.
OR
Log In

You Might Also Like...

Show Comments

Extras

Top Quizzes Today


Score Distribution

Your Account Isn't Verified!

In order to create a playlist on Sporcle, you need to verify the email address you used during registration. Go to your Sporcle Settings to finish the process.

Report this User

Report this user for behavior that violates our Community Guidelines.

Details: